The Miseducation of Lauryn Hill - Ms. Lauryn Hill - Statistics

General Stats
  • This quiz has been taken 17 times
  • The average score is 10 of 16
Answer Stats
Songs Plays Artists % Correct
Doo Wop (That Thing) 597,229,912 Ms. Lauryn Hill
81%
To Zion 100,352,101 Ms. Lauryn Hill, Carlos Santana
81%
Ex-Factor 363,540,903 Ms. Lauryn Hill
75%
Lost Ones 83,902,678 Ms. Lauryn Hill
69%
The Miseducation of Lauryn Hill 24,479,085 Ms. Lauryn Hill
69%
Intro 18,691,742 Ms. Lauryn Hill
63%
Tell Him 77,202,600 Ms. Lauryn Hill
63%
Every Ghetto, Every City 21,927,182 Ms. Lauryn Hill
56%
Everything Is Everything 74,502,408 Ms. Lauryn Hill
56%
Forgive Them Father 28,595,979 Ms. Lauryn Hill
56%
I Used to Love Him 44,601,450 Ms. Lauryn Hill, Mary J. Blige
56%
Superstar 33,108,214 Ms. Lauryn Hill
56%
Can't Take My Eyes Off of You - (I Love You Baby) 204,593,326 Ms. Lauryn Hill
50%
Nothing Even Matters 107,261,957 Ms. Lauryn Hill, D'Angelo
50%
Final Hour 25,187,506 Ms.Lauryn Hill
38%
When It Hurts So Bad 35,996,970 Ms. Lauryn Hill
38%
No matching quizzes found
Score Distribution
Percent of People with Each Score
Percentile by Number Answered
Your Score History
You have not taken this quiz